| 000 | 00781 a2200217 4500 | ||
|---|---|---|---|
| 020 | _a0130369977 | ||
| 090 |
_c2554 _d2554 |
||
| 100 | 1 | 0 | _aLangsam, Yedidyah |
| 245 | 1 | 0 |
_aData structures using C and C++ _c/ Yedidyah Langsam, Moshe J. Augenstein, Aaron M. Tenenbaum. |
| 250 | _a2nd ed. | ||
| 260 | 0 |
_aIndia _b: Prentice Hall _c, c1996. |
|
| 300 |
_axvi, 672 p. _b: ill. _c; 24 cm. |
||
| 500 | _aRev. ed. of: Data structures using C / Aaron M. Tenenbaum, Yedidyah Langsam, Moshe J. Augenstein. c1990. | ||
| 650 | 0 | _aC (Computer program language) | |
| 650 | 0 | _aC++ (Computer program language) | |
| 650 | 0 | _aData structures (Computer science) | |
| 700 | 1 |
_aAugenstein, Moshe _d, 1947- |
|
| 700 | 1 | _aTenenbaum, Aaron M. | |
| 700 | 1 | _aTenenbaum, Aaron M | |
| 942 |
_cBK _k005.73 LAN |
||
| 999 |
_c6478 _d6478 |
||